| 000 -LEADER |
| fixed length control field |
00431nam a22001097a 4500 |
| 008 - FIXED-LENGTH DATA ELEMENTS--GENERAL INFORMATION |
| fixed length control field |
150914b xxu||||| |||| 00| 0 eng d |
| 100 ## - MAIN ENTRY--AUTHOR'S NAME |
| Author's Name |
Winkler, Karl |
| 245 ## - TITLE STATEMENT |
| Title |
Handbuch der bayerischen Poststempel |
| 260 ## - PUBLICATION, DISTRIBUTION, ETC. (IMPRINT) |
| Place of publication, distribution, etc. |
Nurnberg, Germany |
| Name of publisher, distributor, etc. |
Karl Ulrich & Co., |
| Date of publication, distribution, etc. |
1952 |
| 500 ## - GENERAL NOTE |
| Materials specified |
Text in German: Handbook of Bavarian postal markings. |
| 650 ## - TOPICAL TERM (Tag) |
| Topical term or geographic name |
Germany | Bavaria (1849-1920) | Postal Markings | German States | Postal History | Post Offices |